| 000 | 00363nam a2200145Ia 4500 | ||
|---|---|---|---|
| 008 | 210210b1982 xxu||||| |||| 00| 0 eng d | ||
| 082 | _a378.0025 UNIV | ||
| 100 | _a- | ||
| 245 | _aUNIVERSITIES handbook . | ||
| 260 |
_aNew Delhi. _bAssociation of Indian Universities., _c1982 |
||
| 300 | _a1271 | ||
| 650 | _aAIU | ||
| 690 | _aHigher Education | ||
| 906 | _a035822 | ||
| 999 |
_c86353 _d86353 |
||